| 000 | 00427nam a2200157Ia 4500 | ||
|---|---|---|---|
| 003 | GCL | ||
| 008 | 140319s9999 xx 000 0 eng d | ||
| 040 |
_aGCL / _cGCL |
||
| 082 | 0 | 4 |
_a658 _bH T |
| 100 | 1 | _aHAKES, CHRIS | |
| 245 | 1 | 0 |
_aTotal Quality Management: The Key to Business Improovement / _cHAKES, CHRIS |
| 260 |
_a[S.N] : _bCHAPMAN & HALL ، _c1992 |
||
| 300 | _a182 P | ||
| 650 | 0 | 4 | _aQUALITY CONTROL |
| 942 |
_2ddc _cBK |
||
| 999 |
_c16750 _d16750 |
||